Los cachorros /
Guardado en:
| Autor Principal: | |
|---|---|
| Formato: | Libro |
| Publicado: |
España :
Agea
|
| Series: | Biblioteca Literatura Universal; No. 3
|
| Materias: | |
| Etiquetas: |
Agregar Etiqueta
Sin Etiquetas, Sea el primero en etiquetar este registro!
|
| LEADER | 00641nam a22002295a 4500 | ||
|---|---|---|---|
| 001 | CEM.cems011130 | ||
| 005 | 20071120174812.0 | ||
| 008 | 130507b######################000#0#####d | ||
| 003 | CEMS | ||
| 020 | |a 8493110078 | ||
| 082 | 0 | 4 | |a Pe868.4 |
| 100 | 1 | |a Vargas Llosa, Mario | |
| 245 | 1 | 0 | |a Los cachorros / |c Mario Vargas Llosa |
| 260 | |a España : |b Agea | ||
| 300 | |a 127 p. | ||
| 490 | 0 | |a Biblioteca Literatura Universal; No. 3 | |
| 505 | 0 | |a Los jefes | |
| 653 | |a Literatura | ||
| 653 | |a Cuento peruano-siglo 20 | ||
| 653 | |a Cuentos | ||
| 653 | |a Literatura peruana-siglo 20 | ||
| 859 | |a CEMS |b BIB. CEMS - 11 de abril |h Pe868.4 |i V426-1 |p 21928.02 |t Ej.1 | ||
